| 000 | 00501nam a22001937a 4500 | ||
|---|---|---|---|
| 003 | OSt | ||
| 005 | 20140310181702.0 | ||
| 008 | 121119t xxu||||| |||| 00| 0 eng d | ||
| 020 | _a0861631811 | ||
| 050 |
_aPZ 7 _b.B661 1987 |
||
| 082 |
_aKF _bB62h 1987 |
||
| 100 |
_aBlyton, Enid _94844 |
||
| 245 |
_aA Hole in her Pocket and other stories _cby Enid Blyton |
||
| 260 |
_aLondon _bAward Publications Limited _c1987 |
||
| 300 | _g19.2cm | ||
| 541 | _j1 | ||
| 562 | _e1 | ||
| 942 |
_2lcc _cBK-KF _kKF |
||
| 999 |
_c1247 _d1247 |
||